000 01035cam a22003377a 4500
003 CHAP
005 20220817042136.0
008 971013s1984 r 00010 d
010 _a35912
011 _a36884
035 _a41003
040 _cCHAP
090 _aFolleto 8844
110 _aFAO
245 0 _aCrecimiento agrícola y productividad de los factores en los países en desarrollo
260 _aRoma :
_b(FAO),
_c1984
300 _a74 p.
_b; gráfs.
410 _aFAO
490 0 _aDesarrollo económico y social
_v; 42
590 _aBATCH-UPD
_b10
_c20130110
_lUCH01
_h1017
590 _aBATCH-UPD
_b10
_c20130410
_lUCH01
_h0623
590 _aBATCH-UPD
_b10
_c20130913
_lUCH01
_h2120
590 _aCONVERSION
_b10
_c20130109
_lUCH01
_h1320
650 1 4 _aAgricultura
_xPaíses subdesarrollados.
_91760
700 0 _aScandizzo, Pasquele L.
_9102854
810 0 _aFAO
830 0 0 _aDesarrollo económico y social
_v; 42
_932058
901 _aBK
942 _cFOLL
949 _aFolleto 8844
_bBC
_cFAO
_d-93881
_eFAO1
_i41003
_si
999 _c35912
_d35912